Bốn bệnh đỏ của lợn và biện pháp phòng trị
Đề cập đến bệnh dịch tả lợn cổ điển, bệnh đóng dấu lợn. Trình bày bệnh phó thương hàn; Nguyên tắc phòng trừ bệnh tổng hợp; nguyên tắc sử dụng kháng sinh.
Đã lưu trong:
| Tác giả chính: | |
|---|---|
| Định dạng: | Sách |
| Năm xuất bản: |
H.
Nông nghiệp
2006.
|
| Phiên bản: | Tái bản lần thứ 2 |
| Chủ đề: | |
| Tags: |
Thêm thẻ
Không có thẻ, Hãy là người đầu tiên gắn thẻ bản ghi này!
|
| LEADER | 02756nam a2200325 4500 | ||
|---|---|---|---|
| 082 | |a 636.089 |b PH105TH | ||
| 100 | |a Phan Thanh Phượng | ||
| 245 | |a Bốn bệnh đỏ của lợn và biện pháp phòng trị |c Phan Thanh Phượng, Trần Thị Hạnh, Phạm Công Hoạt. | ||
| 250 | |a Tái bản lần thứ 2 | ||
| 260 | |a H. |b Nông nghiệp |c 2006. | ||
| 300 | |a 192tr. |c 19cm | ||
| 520 | |a Đề cập đến bệnh dịch tả lợn cổ điển, bệnh đóng dấu lợn. Trình bày bệnh phó thương hàn; Nguyên tắc phòng trừ bệnh tổng hợp; nguyên tắc sử dụng kháng sinh. | ||
| 653 | |a KT nông nghiệp | ||
| 653 | |a Bệnh gia súc | ||
| 653 | |a Bệnh đỏ | ||
| 653 | |a Biện pháp | ||
| 653 | |a Phòng bệnh | ||
| 653 | |a Điều trị | ||
| 942 | |2 ddc |c STK0 | ||
| 999 | |c 6087 |d 6087 | ||
| 952 | |0 0 |1 0 |2 ddc |4 0 |6 636_089000000000000_PH105TH |7 0 |8 600 |9 55630 |a qbu |b qbu |c D3 |d 2016-11-02 |g 16000 |o 636.089 PH105TH |p 6099.c1 |r 0000-00-00 |w 2015-01-14 |y STK0 |0 0 |6 636_089000000000000_PH105TH | ||
| 952 | |0 0 |1 0 |2 ddc |4 0 |6 636_089000000000000_PH105TH |7 0 |8 600 |9 55631 |a qbu |b qbu |c D3 |d 2016-11-02 |g 16000 |o 636.089 PH105TH |p 6099.c2 |r 0000-00-00 |w 2015-01-14 |y STK0 |0 0 |6 636_089000000000000_PH105TH | ||
| 952 | |0 0 |1 0 |2 ddc |4 0 |6 636_089000000000000_PH105TH |7 0 |8 600 |9 55632 |a qbu |b qbu |c D3 |d 2016-11-02 |g 16000 |o 636.089 PH105TH |p 6099.c3 |r 0000-00-00 |w 2015-01-14 |y STK0 |0 0 |6 636_089000000000000_PH105TH | ||
| 952 | |0 0 |1 0 |2 ddc |4 0 |6 636_089000000000000_PH105TH |7 0 |8 600 |9 55633 |a qbu |b qbu |c D3 |d 2016-11-02 |g 16000 |o 636.089 PH105TH |p 6099.c4 |r 0000-00-00 |w 2015-01-14 |y STK0 |0 0 |6 636_089000000000000_PH105TH | ||
| 952 | |0 0 |1 0 |2 ddc |4 0 |6 636_089000000000000_PH105TH |7 0 |8 600 |9 55634 |a qbu |b qbu |c D3 |d 2016-11-02 |g 16000 |o 636.089 PH105TH |p 6099.c5 |r 0000-00-00 |w 2015-01-14 |y STK0 |0 0 |6 636_089000000000000_PH105TH | ||
| 952 | |0 0 |1 0 |2 ddc |4 0 |6 636_089000000000000_PH105TH |7 0 |8 600 |9 55635 |a qbu |b qbu |c D3 |d 2016-11-02 |g 16000 |o 636.089 PH105TH |p 6099.c6 |r 0000-00-00 |w 2015-01-14 |y STK0 |0 0 |6 636_089000000000000_PH105TH | ||
| 952 | |0 0 |1 0 |2 ddc |4 0 |6 636_089000000000000_PH105TH |7 0 |8 600 |9 55636 |a qbu |b qbu |c D3 |d 2016-11-02 |g 16000 |o 636.089 PH105TH |p 6099.c7 |r 0000-00-00 |w 2015-01-14 |y STK0 |0 0 |6 636_089000000000000_PH105TH | ||
| 952 | |0 0 |1 0 |2 ddc |4 0 |6 636_089000000000000_PH105TH |7 0 |8 600 |9 55637 |a qbu |b qbu |c D3 |d 2016-11-02 |g 16000 |o 636.089 PH105TH |p 6099.c8 |r 0000-00-00 |w 2015-01-14 |y STK0 |0 0 |6 636_089000000000000_PH105TH | ||
| 952 | |0 0 |1 0 |2 ddc |4 0 |6 636_089000000000000_PH105TH |7 0 |8 600 |9 55638 |a qbu |b qbu |c D3 |d 2016-11-02 |g 16000 |o 636.089 PH105TH |p 6099.c9 |r 0000-00-00 |w 2015-01-14 |y STK0 |0 0 |6 636_089000000000000_PH105TH | ||
| 952 | |0 0 |1 0 |2 ddc |4 0 |6 636_089000000000000_PH105TH |7 0 |8 600 |9 55639 |a qbu |b qbu |c D3 |d 2016-11-02 |g 16000 |o 636.089 PH105TH |p 6099.c10 |r 0000-00-00 |w 2015-01-14 |y STK0 |0 0 |6 636_089000000000000_PH105TH | ||